00000000nam##2200000za#4500
0019.613692
003CaOODSP
00520211126112847
007ta
008150406|1997||||xxc|||||     f|0| 0 eng|d
020 |a0-662-25568-2
022 |a1192-5434
040 |aCaOODSP|beng
043 |an-cn---
0861 |aFB3-2/97-6E
1102 |aBank of Canada.
24510|aLagging productivity growth in the service sector : |bmismeasurement, mismanagement or misinformation? / |cby Dinah Maclean.
260 |aOttawa - Ontario : |bBank of Canada |c1997.
300 |a39p. : |bgraphs, tables ; |c28 cm.
4901 |aWorking paper|x1192-5434|v97-6
500 |a"In this report, the author assesses a range of explanations for lagging service sector productivity growth."--Abstract.
504 |aBibliography.
5203 |aIn this report, the author assesses a range of explanations for lagging service sector productivity growth.--Abstract
546 |aRésumés en français
563 |aSoftcover
590 |a97-14|b1997-04-04
7201 |aMaclean, Dinah
7760#|tLagging productivity growth in the service sector : |w(CaOODSP)9.571673
830#0|aWorking paper,|x1192-5434|v97-6|w(CaOODSP)9.514622